रहस्यमय टापू / (Record no. 32375)

MARC details
000 -LEADER
fixed length control field 02528nam a22002777a 4500
005 - DATE AND TIME OF LATEST TRANSACTION
control field 20091210100255.0
008 - FIXED-LENGTH DATA ELEMENTS--GENERAL INFORMATION
fixed length control field 091210t xxu||||| |||| 00| 0 hind
020 ## - INTERNATIONAL STANDARD BOOK NUMBER
International Standard Book Number 9788189496715
Terms of availability 65.00
035 ## - SYSTEM CONTROL NUMBER
System control number B-373720-725
037 ## - SOURCE OF ACQUISITION
Source of stock number/acquisition आयुश पब्लिकेशन्स/PUB
040 ## - CATALOGING SOURCE
Original cataloging agency DPL
Language of cataloging HN
082 ## - DEWEY DECIMAL CLASSIFICATION NUMBER
Classification number
100 ## - MAIN ENTRY--PERSONAL NAME
Personal name मुबीन, एम.
9 (RLIN) 11810
245 ## - TITLE STATEMENT
Title रहस्यमय टापू /
Statement of responsibility, etc एम.मुबीन
260 ## - PUBLICATION, DISTRIBUTION, ETC. (IMPRINT)
Place of publication, distribution, etc जयपुर
Name of publisher, distributor, etc आयुष पब्लिकेशन्स
Date of publication, distribution, etc व.अ.
270 ## - ADDRESS
Address दीप विला, डी-3-ए, विश्वविद्यालय, आशा पब्लिक स्कूल के पास, गोपालपुरा बाईपास
City जयपुर
Postal code 302018
Electronic mail address info@ayushpublications.com
Telephone number 911414026291
300 ## - PHYSICAL DESCRIPTION
Extent 80पृ
Other physical details सचित्र
Dimensions 22सेमी (अजिल्द)
942 ## - ADDED ENTRY ELEMENTS (KOHA)
Source of classification or shelving scheme Dewey Decimal Classification
Item type Children Books
Classification part
Call number suffix मुबीन
Holdings
Withdrawn status Lost status Source of classification or shelving scheme Damaged status Not for loan Collection code Home library Current library Date acquired Source of acquisition Cost, normal purchase price Total Checkouts Full call number Barcode Date last seen Copy number Cost, replacement price Koha item type Public note
  Written-off vide DLB M. No. 383 dt 16.05.19 Dewey Decimal Classification     Fiction Janak Puri Janak Puri 12/08/2010 आयुष पब्लिकेशन्स/144/27.01.10/229/16.01.10/11.02.10 65.00 26 उ मुबीन B-373721 28/06/2018 1 65.00 Children Books  
Written off   Dewey Decimal Classification     Fiction Narela Narela 12/08/2010 आयुष पब्लिकेशन्स/144/27.01.10/229/16.01.10/11.02.10 65.00   उ मुबीन B-373724 12/08/2010 1 65.00 Children Books Written off on approval by DLB (By Circulation); dtd 20.12.2022
  Written-off vide DLB M. No. 383 dt 16.05.19 Dewey Decimal Classification     Fiction Patel Nagar Patel Nagar 12/08/2010 आयुष पब्लिकेशन्स/144/27.01.10/229/16.01.10/11.02.10 65.00   उ मुबीन B-373720 12/08/2010 1 65.00 Children Books  
    Dewey Decimal Classification     Fiction Sarojini Nagar Sarojini Nagar 12/08/2010 आयुष पब्लिकेशन्स/144/27.01.10/229/16.01.10/11.02.10 65.00   उ मुबीन B-373722 12/08/2010 1 65.00 Children Books  
    Dewey Decimal Classification     Fiction Shahdara Branch Shahdara Branch 12/08/2010 आयुष पब्लिकेशन्स/144/27.01.10/229/16.01.10/11.02.10 65.00   उ मुबीन B-373725 12/08/2010 1 65.00 Children Books  
    Dewey Decimal Classification     Fiction Vinoba Puri Vinoba Puri 12/08/2010 आयुष पब्लिकेशन्स/144/27.01.10/229/16.01.10/11.02.10 65.00 3 उ मुबीन B-373723 01/09/2012 1 65.00 Children Books  

© Delhi Public Library
Hit Counter
free hit counter